000 00573cab a22001935a 4500
001 L145106
008 080903s2008 xxk 000 0 eng d
035 _a(Sirsi) u145106
041 0 _aeng
100 1 _aMcIntosh, Angus
245 0 0 _aJapan
_v A lesson from the 1990s being re-visited in the UK post credit crunch?
490 _aProperty Forecast
_v August 2008, 6-7(2)
520 _aA comparion of the current credit crunch crisis against the 1990s banking crisis in Japan.
590 _aKA
650 2 4 _aJAPAN
651 4 _aJapan
651 4 _aAsia
942 _n0
999 _c80701
_d80701